000 00532nam a2200193Ia 4500
003 OSt
005 20260106115535.0
008 210210b1958 xxu||||| |||| 00| 0 eng d
040 _cAL
041 _aKannada
082 _a859/1535
100 _aRAMAMURTI (M)
_9155834
_dರಾಮಮೂರ್ತಿ (ಎಂ).
245 _aPunaragamana:
_bಪುನರಾಗಮನ
260 _aBengaLUru
_bStandard Book Dipo
_c1958
650 _aPunarAgamana
_9155835
690 _aKannada Fiction
_9155836
906 _a022264
942 _2ddc
_cBK
999 _c146407
_d146407